000 00203 a2200109 4500
020 _a9789580498568
041 _aspa
100 _aCarl Norac
245 _aMi Mama es Magica
942 _cBK
952 _71
999 _c23138
_d23138